Képviselőjelöltnek javasolták őket

Elmentve itt :
Bibliográfiai részletek
Szerzők: Horváth Dezső
Antalffy György
Dokumentumtípus: Cikk
Megjelent: 1975-05-22
Sorozat:Délmagyarország 65 No. 118
Kulcsszavak:Antalffy György, Csongrád megye, Politikai élet parlamenti választás 1975 képviselőjelölt Csongrád megye
Online Access:http://dmarchiv.bibl.u-szeged.hu/87747
LEADER 00598nab a2200169 i 4500
001 delm87747
005 20190425105922.0
008 190425s1975 hu o 0|| hun d
040 |a SZTE Délmagyarország Archívum  |b hun 
041 |a hun 
100 1 |a Horváth Dezső 
245 1 0 |a Képviselőjelöltnek javasolták őket  |h [elektronikus dokumentum] /  |c  Horváth Dezső 
260 |c 1975-05-22 
300 |a 3 
490 0 |a Délmagyarország  |v 65 No. 118 
695 |a Antalffy György, Csongrád megye, Politikai élet parlamenti választás 1975 képviselőjelölt Csongrád megye 
700 0 1 |a Antalffy György  |e aut